000 00843nam a2200217Ii 4500
003 JO-AjNU
008 230605s9999||||xx |||||||||||||| ||und||
017 _a1975/4860
040 _aJO-AjNU
_bara
_erda
_cJO-AjNU
041 _aara
050 1 4 _aPJ6101.I2788 1975
100 3 _aتاليف ابن مالك،جمال الدين أبي عبد الله بن محمد؛حققه عبد المنعم هريري,
_eauthor
_98930
245 0 0 _aشرح عمدة الحافظ وعدة اللافظ
250 _aط1
264 3 1 _aالقاهرة: مطبعة الامانة 3 جزيرة بدران، 1975
300 _a405ص
336 _atext
_btxt
_2rdacontent
337 _aunmediated
_bn
_2rdamedia
338 _avolume
_bnc
_2rdacarrier
650 4 _aاللغة العربية-ابن مالك-شرح عمدة الحافظ وعدة اللافظ
_98931
999 _aA1039
_c4607
_d4607